Bayer 04 Leverkusen Squad 2019-20 - Statistics

General Stats
  • This quiz has been taken 22 times
  • The average score is 19 of 26
Answer Stats
Squad Number Position Nationality Player % Correct
1 GK Finnish Lukáš Hrádecký
100%
18 LB Brazilian Wendell
100%
20 CM Chilean Charles Aránguiz
95%
9 LW Jamaican Leon Bailey
95%
4 CB German Jonathan Tah
90%
13 ST Argentine Lucas Alario
90%
15 DM Austrian Julian Baumgartlinger
85%
29 AM German Kai Havertz
85%
38 RW German Karim Bellarabi
85%
8 CM German Lars Bender
85%
19 LW French Moussa Diaby
85%
5 DM German Sven Bender
85%
31 CF German Kevin Volland
75%
11 AM German Nadiem Amiri
75%
7 LW Brazilian Paulinho
75%
- Manager Dutch Peter Bosz
75%
12 CB Burkinabé Edmond Tapsoba
70%
10 CM German Kerem Demirbay
70%
6 CB Austrian Aleksandar Dragović
65%
25 CM Argentine Exequiel Palacios
65%
23 RB German Mitchell Weiser
60%
22 LB Dutch Daley Sinkgraven
55%
27 AM German Florian Wirtz
50%
28 GK Austrian Ramazan Özcan
50%
35 DM Polish Adrian Stanilewicz
35%
36 GK German Niklas Lomb
35%
No matching quizzes found
Score Distribution
Percent of People with Each Score
Percentile by Number Answered
Your Score History
You have not taken this quiz